Normale Ansicht MARC-Ansicht ISBD

Test statt Kuchen im Kobel. (Titelsatznr. 100273)

[ MARC ]
MARC-Details
000 -Satzkennung
Kontrollfeld mit fester Länge 00764nam a22001937a 4500
008 - Feld mit fester Länge zur physischen Beschreibung - Allgemeine Angaben
Kontrollfeld mit fester Länge 201130b ||||| |||| 00| 0 eng d
040 ## - Katalogisierungsquelle
Katalogisierungssprache ger
Übertragungsstelle DE-2950
Beschreibungsfestlegungen rda
Original-Katalogisierungsstelle DE-2950
041 ## - Sprachcode
Sprachcode des Textes/der Tonspur oder des separaten Titels ger
100 ## - Person oder Familie als 1. geistiger Schöpfer
Personenname Matschkowiak, René:
245 ## - Titel
Haupttitel Test statt Kuchen im Kobel.
Titelzusatz Freizeit: Seit dem Wochenende hat der Wildpark in Rosengarten wieder geöffnet. Die Besucher müssen einige Regeln beachten /
Verantwortlichkeitsangabe René Matschkowiak
653 ## - Lokales Schlagwort
Nicht-normierter Term Frankfurt (Oder) <Ortsteil Rosengarten>
653 ## - Lokales Schlagwort
Nicht-normierter Term Wildpark
653 ## - Lokales Schlagwort
Nicht-normierter Term "Carinhall"
773 ## - Übergeordnete Einheit
Ort, Verlag und Erscheinungsjahr Frankfurt (Oder): Märkisches Verlags- und Druckhaus GmbH & Co KG
Verknüpfungsangaben 32. Jahrgang (2021) Nr. 107 vom 10.05.2021, S. 11
Titel Märkische Oderzeitung
942 ## - Zusätzliche Felder (Koha)
Koha-Medientyp Aufsätze
Exemplare
Ausgeschieden Verloren Beschädigt Nicht entleihbar Permanenter Standort Aktueller Standort Aufstellungsort Eingabedatum Anzahl Ausleihen Signatur Letzte Aktivität Preis gültig von Medientyp
        Stadtarchiv Frankfurt (Oder) | Archivbibliothek Stadtarchiv Frankfurt (Oder) | Archivbibliothek Magazin 26/05/2021   Z2 26/05/2021 26/05/2021 Aufsätze